00670nam a2200205Ia 4500008004100000020001500041040001800056041000800074100002900082245010500111260003700216300001800253490002200271504003900293650002600332650002200358650003000380650002300410650003100433130821s1991 sp gr spa  a8473988906 aCo-BoUCMbspa00aspa aRuiz Peris, Juan Ignacio03aEl contrato de franquicia y las nuevas formas de defensa de la competenciacJuan Ignacio Ruiz Peris. aMadrid (España)bCivitasc1991 a198 páginas aCuadernos Civitas aIncluye bibliografía e índice.04aCompetencia (Derecho)04aDerecho comercial04aDerecho comercialzEuropa04aDerecho tributario04aDerecho tributariozEuropa